Lectures on spaces of nonpositive curvature /

Guardado en:
Autor Principal: Ballmann, Werner.
Otros Autores: Brin, Misha.
Formato: Libro
Idioma:English
Publicado: Basel ; Boston : Birkhäuser Verlag, c1995.
Series:DMV Seminar ; Bd. 25
Materias:
Acceso en línea:Publisher description
Etiquetas: Agregar Etiqueta
Sin Etiquetas, Sea el primero en etiquetar este registro!
LEADER 01012cam a2200277 a 4500
001 MAT.inmabb006348
008 950814s1995####maua#####b####001#0#eng##
005 20130318141839.0
245 1 0 |a Lectures on spaces of nonpositive curvature /  |c Werner Ballmann ; with an appendix by Misha Brin, Ergodicity of geodesic flows. 
260 |a Basel ;  |a Boston :  |b Birkhäuser Verlag,  |c c1995. 
300 |a v, 112 p. :  |b il. ;  |c 24 cm. 
440 0 |a DMV Seminar ;  |v Bd. 25 
504 |a Incluye referencias bibliográficas (p. [97]-109) e índice. 
510 4 |a MR,  |c 97a:53053 
020 |a 3764352426 
020 |a 0817652426 
100 1 |a Ballmann, Werner. 
700 1 2 |a Brin, Misha. 
740 0 2 |a Ergodicity of geodesic flows 
650 0 |a Metric spaces. 
650 0 |a Geodesic flows. 
084 |a 53C21 (37D40 53D25)  |2 msc2000 
010 |a  95038397  
040 |a DLC  |c DLC  |d DLC 
856 4 2 |3 Publisher description  |u http://www.loc.gov/catdir/enhancements/fy0812/95038397-d.html 
859 |h 53  |i B192  |p A-7347  |b BIB. MATEMATICA